| 000 | 00797nas a2200253 i 4500 | ||
|---|---|---|---|
| 001 | 943 | ||
| 003 | ES-MaACL | ||
| 005 | 20250815062530.0 | ||
| 007 | t| | ||
| 008 | 950801c1916 xxu | | 1 ||ng d | ||
| 080 | _a73 | ||
| 245 | 0 | 0 | _aGeographical review. |
| 260 |
_aNew York : _bAmerican Geographical Society, _c1916- |
||
| 300 |
_a16 v. : _bgrab. ; _c26 cm. |
||
| 310 | _aCuatrimestral | ||
| 362 | 0 | _aV. I (1916)- | |
| 500 | _aFecha de inicio de la publicación tomada de : Ulrich's international periodicals directory. 14th ed. 1971-72. | ||
| 650 | 1 | 7 |
_aGeografía _2embne _913070 |
| 700 | 1 |
_aWright, John K., _edir. _9227556 |
|
| 710 | 0 | 0 |
_aAmerican Geographical Society ( _cNueva York) _91358 |
| 852 |
_aES-MaACL _jHem-796 |
||
| 866 | 0 | _o1947-54,1956-60,1963-66. | |
| 999 |
_c943 _d943 |
||